La práctica de la enseñanza: primeros pasos del practicante y del docente /

Guardado en:
Autor Principal: Harmer, Earl W.
Formato: Libro
Publicado: Buenos Aires : Kapelusz, 1970
Materias:
Etiquetas: Agregar Etiqueta
Sin Etiquetas, Sea el primero en etiquetar este registro!
LEADER 01247nam a22002295a 4500
001 CEM.cems006918
005 20060214000000.0
008 130507s1970##################000#0#####d
003 CEMS
082 0 4 |a 370.7 
100 1 |a Harmer, Earl W. 
245 1 0 |a La práctica de la enseñanza: primeros pasos del practicante y del docente / 
260 |a Buenos Aires :  |b Kapelusz,  |c 1970 
300 |a 143 p. 
505 0 |a De la Pr ctica de loa ense¤anza.- M'todos did cticos.- Conceptos did cticos para estudiantes practicantes.- T'cnicas did cticas: conceptos, modelos y condiciónes.- El desarrollo de las t'cnicas did cticas: ejemplos y ejercicios.- Objetivos, planes de clases y materiales.- Disciplina y conducci¢n de la clase.- Pruebas o test, calificaciónes y evaluaci¢n.- La evaluaci¢n del estudiante practicante.- Despu's del per¡odo de pr ctica de la ense¤anza 
653 |a Educacion 
653 |a Formacion docente 
653 |a Practica de la enseñanza 
859 |a CEMS  |b BIB. CEMS - 11 de abril  |h 370.7  |i H228  |p 4960.76  |t Ej.1 
859 |a CEMS  |b BIB. CEMS - 11 de abril  |h 370.7  |i H228  |p 4979.76  |t Ej.2 
859 |a CEMS  |b BIB. CEMS - 11 de abril  |h 370.7  |i H228  |p 4980.76  |t Ej.3 
859 |a CEMS  |b BIB. CEMS - 11 de abril  |h 370.7  |i H228  |p 6820.79  |t Ej.4